Bibliograficko-informačná služba

Bibliographic Details
Main Author: Baloghová, Eva (PhDr.) (Author)
Format: Article
Language:Slovak
Subjects:

MARC

LEADER 00000nab a2200000 a 4500
001 vtls000208461
003 SK-MaSNL
005 20260305014446.0
008 250422c1985 xo 0 slo
015 |a SNBRB19rr/mm-uuuuu 
035 |a CL0218574 
035 |a urn:nbn:sk:snk-abbehz 
035 |a (urnnbn)urn:nbn:sk:snk:ar-000mm4 
035 |a (uuid)bedba53b-00b2-42a5-8025-63eb3564aaba 
040 |a SNKBUCL  |b slo  |c SNKBUCL  |e AACR2 
041 0 |a slo 
044 |a xo  |c SK 
080 |a 025.5  |2 1981 
080 |a 027.52(437.6-25)  |2 1981 
100 1 |a Baloghová, Eva  |c (PhDr.)  |4 aut  |9 260401 
245 1 0 |a Bibliograficko-informačná služba  |c Eva Baloghová 
610 2 7 |a Mestská knižnica v Bratislave  |2 snkbucl  |9 33183 
650 0 7 |a služby bibliograficko-informačné  |2 snkbucl  |9 921860 
655 7 |a články z novín a časopisov  |2 snkbucl  |9 267496 
773 0 |t Čitateľ  |g Roč. 34, č. 2 (1985), s. 67 
850 |a Slovenská národná knižnica 
852 |a Slovenská národná knižnica 
954 |a odborná, vedecká literatúra pôvodná (slovenská)  |2 lita 
957 |a 5100 
958 |a article15 
958 |a OND 
958 |a RK 
958 |a KL 
958 |a EUIPO 
992 |a RBX 
999 |c 3269721  |d 3271651